A transzcendens végtelen és az immanens végtelen
Elmentve itt :
| Szerző: | |
|---|---|
| Adatforrás: | Philobibl |
| Forrásdokumentuma: | Különbség 14.2014:1. 129-148. p. |
| Dokumentumtípus: | Cikk |
| Nyelv: | magyar |
| Kulcsszavak: | végtelenség transzcendencia immanencia Tamás, Aquinói Kant, I. Lévinas, E. Hegel, G. W. H. Deleuze, G. |
| Online elérés: | szabadon hozzáférhető |
| LEADER | 00647nab a2200205 c 4500 | ||
|---|---|---|---|
| 001 | bibPHI00000299 | ||
| 005 | 20220513141254.4 | ||
| 008 | 220513s2014 hu 00010 hun d | ||
| 100 | 1 | |a Czétány György | |
| 245 | 1 | 2 | |a A transzcendens végtelen és az immanens végtelen |c Czétány György |
| 695 | |a végtelenség | ||
| 695 | |a transzcendencia | ||
| 695 | |a immanencia | ||
| 695 | |a Tamás, Aquinói | ||
| 695 | |a Kant, I. | ||
| 695 | |a Lévinas, E. | ||
| 695 | |a Hegel, G. W. H. | ||
| 695 | |a Deleuze, G. | ||
| 773 | 0 | |t Különbség |g 14.2014:1. 129-148. p. | |
| 856 | 4 | 1 | |3 Full text |u https://doi.org/10.14232/kulonbseg.2014.14.1.158 |z szabadon hozzáférhető |